000 00390nam a22001217a 4500
082 _a220 PRO
100 _aNC MISHAL IMAM NC MUHAMMAD NC HASHIR SHOAIB
_972931
245 _aPR-SOF-1867-Mo. Track - Tracking and Monitoring of COVID - 19 Patients
260 _aISLAMABAD
_bNUST COLLEGE OF EME
_c2020
650 _a DE-COMP-38
_972932
700 _aSUPERVISOR DR. SHOAB AHMED KHAN
942 _cCR
999 _c578885
_d578885